| 000 | 00514nam a2200193Ia 4500 | ||
|---|---|---|---|
| 003 | OSt | ||
| 005 | 20250113103729.0 | ||
| 008 | 210716s1980 xx 000 0 und d | ||
| 020 | _a055314300X | ||
| 040 | _cAIMIT LIBRARY | ||
| 041 | _aeng | ||
| 082 |
_a808.83 _21 _bLUDR |
||
| 100 |
_aLudlum, Robert. _9193193 |
||
| 245 |
_aBourne identity / _cBy Robert Ludlum. |
||
| 250 | _a1st ed. | ||
| 260 |
_aNew York : _bBantam books ; _c1980. |
||
| 300 |
_a535p. ; _bPB _c17 cm. |
||
| 942 |
_2ddc _cBK _e1st ed. _k808.83 LUDR |
||
| 999 |
_c200258 _d200258 |
||